Statystyki dla Województwa według zarażeń Covid-19 (05.06.2020)

Kliknij tutaj aby rozwiązać quiz!

Ogólne statystyki

  • Ten quiz został rozwiązany 29 razy
  • Średni wynik to 12 z 16

Statystyki odpowiedzi

Liczba zarażeńWojewództwo% Poprawnych
3,73 tysMazowieckie
100%
8,86 tysŚląskie
96%
2,66 tysDolnośląskie
89%
2,21 tysWielkopolskie
85%
1,29 tysMałopolskie
81%
1,77 tysŁódzkie
78%
701Opolskie
78%
123Lubuskie
74%
601Kujawsko-Pomorskie
67%
491Podlaskie
67%
563Pomorskie
67%
180Warmińsko-Mazurskie
67%
388Podkarpackie
63%
511Świętokrzyskie
63%
552ZachodnioPomorskie
63%
504Lubelskie
59%

Rozkład punktacji

Percentyl według liczby udzielonych odpowiedzi

Procent ludzi z każdym wynikiem

Twoja historia wyników

Nie rozwiązałeś tego quizu